000 00458nam a22001817a 4500
003 OSt
005 20211019114315.0
008 211019b |||||||| |||| 00| 0 eng d
020 _a04444418733
040 _cHAWASSA UNIVERSITY
050 _a631.41/KAH
_b1
082 _a631.41/KAH
_b1
100 _aKHAN SHAMAT U.
_914198
245 _aPESTICIDES IN THE SOIL ENVIRONMENT
260 _aAMSTERDAM
_bNEW YORK
_c1980
300 _a240
942 _2ddc
_cBOOKS
_n0
999 _c13298
_d13298